Nennen Sie die Alpenländer – Sudden Death - Statistiken

Allgemein
  • Dieses Quiz wurde 228 mal gespielt
  • Das Durchschnittsergebnis liegt bei 6 aus 8
Answers on the Grid
Answers color-coded by a green-red scale on the quiz's grid according to % correct below.
Tschechische Republik
Italien
Monaco
San Marino
Deutschland
Andorra
Slowakei
Frankreich
Österreich
Liechtenstein
Rumänien
Kroatien
Slowenien
Schweiz
 
Antwortstatistiken
Antwort % Korrekt
Italien
94%
Deutschland
90%
Österreich
89%
Schweiz
84%
Frankreich
77%
Liechtenstein
73%
Slowenien
52%
Monaco
47%
Keine übereinstimmenden Quizze gefunden
Verteilung der Resultate
Anzahl Personen mit jedem Resultat
Perzentil nach korrekt beantworteten Fragen
Ihre Resultats-Entwicklung
Sie haben dieses Quiz noch nicht gespielt